Special Educational Needs : A Guide for Inclusive Practice (Record no. 4408)

MARC details
005 - DATE AND TIME OF LATEST TRANSACTION
control field 20250619105228.0
020 ## - INTERNATIONAL STANDARD BOOK NUMBER
International Standard Book Number 978-1-5264-9218-0
082 ## - DEWEY DECIMAL CLASSIFICATION NUMBER
Classification number 371.9 PEE
245 ## - TITLE STATEMENT
Title Special Educational Needs : A Guide for Inclusive Practice
250 ## - EDITION STATEMENT
Edition statement 3rd Ed.
260 ## - PUBLICATION, DISTRIBUTION, ETC.
Place of publication, distribution, etc. London,
Name of publisher, distributor, etc. Sage publications Ltd,
Date of publication, distribution, etc. 2021.
300 ## - PHYSICAL DESCRIPTION
Extent xvi, 399p.: Ill.; figures & table.
Other physical details Glossary & Index
Dimensions 23cm.
700 ## - ADDED ENTRY--PERSONAL NAME
Other authors/Editors PEER, L. & REID, G.
942 ## - ADDED ENTRY ELEMENTS (KOHA)
Source of classification or shelving scheme Dewey Decimal Classification
Koha item type Books
Holdings
Date last seen Total checkouts Full call number Barcode Cost, replacement price Price effective from Koha item type Lost status Source of classification or shelving scheme Damaged status Not for loan Withdrawn status Home library Current library Shelving location Date acquired Cost, normal purchase price
06/19/2025   371.9 PEE 00000013176 239400.00 06/19/2025 Books   Dewey Decimal Classification       College of Business Education Main Library College of Business Education Main Library General Collection 04/04/2025 79800.00